| 000 | 02115cam a22002294a 4500 | ||
|---|---|---|---|
| 005 | 20250605164149.0 | ||
| 008 | 250528s ||||||||||||||||||||||||d | ||
| 035 | _a19301 | ||
| 020 | _a9608041686 | ||
| 040 |
_aGR-AtMCL _bgre _dGR-AtMCL _eAACR2 |
||
| 245 | 1 | _aΑγωγή Υγείας και Σχολείο / Παιδαγωγική και Βιολογική Προσέγγιση | |
| 260 |
_bΤυπωθήτω, _c2005 |
||
| 300 | _a448 | ||
| 520 | _aΤο παρόν βιβλίο επιχειρεί να συμπυκνώσει τα μεθοδολογικά εργαλεία και τις πληροφορίες που θεωρούμε ότι χρειάζονται για την εφαρμογή μιας συστηματικής και επιστημονικά δοκιμής Αγωγής Υγείας στο Σχολικό περιβάλλον. Εισαγωγή, Η Αγωγή Υγείας στο Σχολείο, Τα Σχολεία που Προάγουν την Υγεία, Η Χρήση των Σχολικών Εγχειριδίων στη Σχολική Αγωγή Υγείας, Ο Ρόλος του Εκπαιδευτικού στη Σχολική Αγωγή Υγείας, Ο Ρόλος της Οικογένειας για την Αποτελεσματικότητα της Σχολικής Αγωγής Υγείας, Η Αξιολόγηση της Εφαρμογής της Αγωγής Υγείας στο Σχολείο, Ειδικά Θέματα Αγωγής Υγείας, Χρήση και Κατάχρηση Ουσιών, Σεξουαλική Αγωγή, Διατροφή, Αγωγή Στοματικής Υγείας, Σωματική Άσκηση, Άγχος, Ατυχήματα και Ασφάλεια, Κυκλοφοριακή Αγωγή, Περιβάλλον και Υγεία, Βιβλιογραφία, Παραρτήματα. | ||
| 700 | 1 |
_aΓκούβρα Μαριάννα _95536 |
|
| 700 | 1 | _aΔαρδάνος Γιώργος | |
| 700 | 1 |
_aΚυρίδης Αργύρης _95538 |
|
| 700 | 1 |
_aΜαρκάκη Ευαγγελία _95539 |
|
| 942 | _cBK | ||
| 999 |
_c4561 _d4561 |
||